| Tag |
First Indicator |
Second Indicator |
Subfields |
| LEADER |
00000cam a2200000 4500 |
| 001 |
in00000094618 |
| 005 |
20150927110516.0 |
| 008 |
750725s1945 eng u |
| 010 |
|
|
|a 45001678
|
| 035 |
|
|
|a (OCoLC)01478338
|
| 035 |
|
|
|9 AAL6488AM
|
| 040 |
|
|
|c JPL
|d TXA
|d UtOrBLW
|
| 049 |
|
|
|a TXAM
|c [232859]
|
| 050 |
0 |
0 |
|a TL509
|b .D47
|
| 082 |
0 |
|
|a 629.1303
|
| 100 |
1 |
|
|a Dickinson, Thomas A.
|
| 245 |
1 |
4 |
|a The aeronautical dictionary /
|c [by] Thomas A. Dickinson... drawings by James D. Powell.
|
| 264 |
|
1 |
|a New York :
|b Pitman,
|c [1945]
|
| 300 |
|
|
|a xi, 484 pages :
|b including illustrations, tables, diagrams ;
|c 21 cm.
|
| 336 |
|
|
|a text
|b txt
|2 rdacontent
|
| 337 |
|
|
|a unmediated
|b n
|2 rdamedia
|
| 338 |
|
|
|a volume
|b nc
|2 rdacarrier
|
| 504 |
|
|
|a Bibliography: pages 481-484.
|
| 650 |
|
0 |
|a Aeronautics
|v Dictionaries.
|
| 999 |
|
|
|a MARS
|
| 999 |
f |
f |
|s 08824004-a62e-3850-9253-f5515a6031a4
|i 0e9a7f5b-5404-3016-a75c-694d1c29209f
|t 0
|
| 952 |
f |
f |
|p ric
|a Texas A&M University
|b Rellis Campus
|c Joint Library Facility
|d Remote Storage
|t 0
|e TL509 .D47
|h Library of Congress classification
|i unmediated -- volume
|m A14805533699
|
| 998 |
f |
f |
|a TL509 .D47
|t 0
|l Remote Storage
|